[Obchodná prevádzka maloobchodnej jednotky]
Recenzia na skriptá „Obchodná prevádzka maloobchodnej jednotky“ktoré ponúkajú relatívne ucelený pohľad na maloobchodnú prevádzku ako základnú oblasť obchodného podnikania.
Saved in:
| Main Author: | |
|---|---|
| Format: | Book Chapter |
| Language: | Slovak |
| Subjects: | |
| Tags: |
No Tags, Be the first to tag this record!
|
MARC
| LEADER | 00000nla a2200000 4500 | ||
|---|---|---|---|
| 001 | 0245515 | ||
| 005 | 20240502073943.1 | ||
| 041 | 0 | |a slo | |
| 044 | |a SK | ||
| 245 | 1 | 0 | |a [Obchodná prevádzka maloobchodnej jednotky] |c Jozef Gajdoš |
| 520 | |a Recenzia na skriptá „Obchodná prevádzka maloobchodnej jednotky“ktoré ponúkajú relatívne ucelený pohľad na maloobchodnú prevádzku ako základnú oblasť obchodného podnikania. | ||
| 610 | 2 | 0 | |a recenzie |
| 610 | 2 | 0 | |a prevádzky |
| 610 | 2 | 0 | |a siete maloobchodné |
| 610 | 2 | 0 | |a podnikanie |
| 100 | 1 | |a Gajdoš, Jozef, 1962-2025 | |